000 01226nam a22002897a 4500
001 BRCA_9435
003 FranzMayer
005 20230918130939.0
008 230908b |||||||| |||| 00| 0 eng d
040 _aMFM
_bESPAÑOL
_cMFM
050 0 _aNE671.M6
_bE47 1990
110 1 _4Responsable
_aEditorial empresario
_929721
240 _aDe una selección de arte mexicano
_h24 grabados y recopilaciones
_lEspañol
245 0 _aDe una selección de arte mexicano
_b24 grabados y recopilaciones
260 _aMéxico
_bEditorial empresario
_c1990
300 _a70 p
_bIlustraciones a color
_c31 cm
500 _aAnexo 1
500 _aEl libro contiene un sobre dentro del mismo, dedicado a la Señorita Elvia Barberena
500 _aEl material se encuentra en tapa dura, con una sobrecubierta exterior.
505 _aTexto en: españolDirigido a: artistas y grabadores mexicanos.
650 1 _2Artes visuales
_aImprentas y grabados
_vGrabados
_929722
651 2 _2Historia de los grabados
_aGrabados mexicanos
_vMéxico
_929723
700 1 _4Pinturas
_aQuintana Oliver, Patricia
_929724
700 1 _4Grabados
_aGuerrero Sánchez, Gilberto
_929725
700 1 _4Textos
_aBaños Urquijo, Francisco
_929726
942 _2lcc
_cB
999 _c11057
_d11057